| 000 | 00524nam a2200181Ia 4500 | ||
|---|---|---|---|
| 003 | GCL | ||
| 008 | 140319s9999 xx 000 0 ara d | ||
| 040 |
_aGCL / _cGCL |
||
| 082 | 0 | 4 |
_a111.85 _bو ع |
| 100 | 1 | _aوفاء محمد ابراهيم | |
| 245 | 1 | 0 |
_aعلم الجمال: قضايا تاريخية معاصرة / _cوفاء محمد ابراهيم |
| 260 |
_a[S.N] : _bمكتبة غريب |
||
| 300 | _a245 ص | ||
| 490 | _a | ||
| 650 | 0 | 4 | _aعلم النفس |
| 650 | 0 | 4 | _aعلم الجمال |
| 942 |
_2ddc _cBK |
||
| 999 |
_c44946 _d44946 |
||